[Event "SRB-chT 2nd League"]
[Site "Vrnjacka Banja"]
[Date "2022.11.06"]
[Round "3.5"]
[White "Alimpic, Aleksa"]
[Black "Rogac, Srdjan"]
[Result "1/2-1/2"]
[WhiteElo "2217"]
[BlackElo "2301"]
[PlyCount "33"]
[EventDate "2022.11.04"]
[EventType "team-tourn"]
[EventRounds "11"]
[EventCountry "SRB"]
[SourceTitle "CBM 211 Extra"]
[Source "ChessBase"]
[SourceDate "2023.01.31"]
[SourceVersion "1"]
[SourceVersionDate "2023.01.31"]
[SourceQuality "1"]
[WhiteTeam "Gajdobra Hercegovac"]
[BlackTeam "Jazak Car Uros"]
[WhiteTeamCountry "SRB"]
[BlackTeamCountry "SRB"]

1. d4 Nf6 2. Bg5 d5 3. e3 c5 4. Bxf6 gxf6 5. dxc5 e6 6. Nf3 Bxc5 7. Be2 Nc6 8. 0-0 f5 9. c4 dxc4 10. Qa4 Qf6 11. Nc3 0-0 12. Qxc4 Bb4 13. Rac1 Bd7 14. a3 Be7 15. Qf4 Rac8 16. Rfd1 Rfd8 17. e4 1/2-1/2

[Event "Novi Sad Vojvodina op 12th"]
[Site "Novi Sad"]
[Date "2022.07.31"]
[Round "9"]
[White "Rogac, Srdjan"]
[Black "Muthaiah, Al"]
[Result "0-1"]
[WhiteElo "2310"]
[BlackElo "2401"]
[PlyCount "74"]
[EventDate "2022.07.24"]
[EventType "swiss"]
[EventRounds "9"]
[EventCountry "SRB"]
[SourceTitle "CBM 209 Extra"]
[Source "ChessBase"]
[SourceDate "2022.09.30"]
[SourceVersion "1"]
[SourceVersionDate "2022.09.30"]
[SourceQuality "1"]

1. Nf3 d5 2. c4 c6 3. b3 Bf5 4. Bb2 e6 5. g3 h6 6. Bg2 Nf6 7. 0-0 Be7 8. d3 0-0 9. Nbd2 a5 10. a3 Nbd7 11. Rc1 Re8 12. Rc2 Bh7 13. Qa1 Bf8 14. Ne5 Qe7 15. Nxd7 Nxd7 16. Rfc1 Qd6 17. Bc3 Bg6 18. Ra2 c5 19. d4 cxd4 20. Bxd4 e5 21. Bb2 e4 22. Bd4 Nc5 23. Qc3 Ne6 24. cxd5 Rec8 25. Nc4 Qxd5 26. Be3 b5 27. Nb6 Rxc3 28. Nxd5 Rxb3 29. a4 b4 30. Rac2 Ra3 31. Rc4 Rd8 32. Nb6 f5 33. Rc6 Bf7 34. Bh3 g6 35. Kf1 b3 36. Rb1 Nd4 37. Rc3 b2 0-1

[Event "Novi Sad Vojvodina op 12th"]
[Site "Novi Sad"]
[Date "2022.07.26"]
[Round "3"]
[White "Rogac, Srdjan"]
[Black "Andreev, Konstantin1111"]
[Result "1-0"]
[WhiteElo "2310"]
[BlackElo "2174"]
[PlyCount "125"]
[EventDate "2022.07.24"]
[EventType "swiss"]
[EventRounds "9"]
[EventCountry "SRB"]
[SourceTitle "CBM 209 Extra"]
[Source "ChessBase"]
[SourceDate "2022.09.30"]
[SourceVersion "1"]
[SourceVersionDate "2022.09.30"]
[SourceQuality "1"]

1. e4 c5 2. c3 Nf6 3. e5 Nd5 4. g3 d6 5. exd6 Qxd6 6. Bg2 Nc6 7. Ne2 Bg4 8. h3 Bxe2 9. Qxe2 g6 10. Na3 Nb6 11. d3 Bg7 12. Be3 a6 13. Rd1 Nd7 14. 0-0 0-0 15. Nc4 Qe6 16. Rfe1 Rad8 17. d4 cxd4 18. Bxd4 Nxd4 19. cxd4 Qxe2 20. Rxe2 b5 21. Na5 Nb8 22. d5 Rd7 23. Rdd2 Rc8 24. Rc2 Rdc7 25. Rxc7 Rxc7 26. d6 Rc1+ 27. Kh2 e6 28. Rd2 Rc8 29. d7 Rd8 30. Rc2 Rf8 31. Bc6 Bf6 32. Nb7 Bg5 33. a4 b4 34. a5 b3 35. Rc4 Bf6 36. Ba4 Nxd7 37. Bxd7 Bxb2 38. Rb4 Rb8 39. Rxb3 Bd4 40. Kg2 Kf8 41. Bc6 Ke7 42. Be4 Rc8 43. Bd3 Ra8 44. f4 f5 45. Rb4 Be3 46. Be2 Ra7 47. Bf3 Ra8 48. Rc4 Rb8 49. Kf1 Kf6 50. Ke2 Bg1 51. h4 h6 52. Rc7 g5 53. h5 Bh2 54. fxg5+ hxg5 55. Kf2 g4 56. Be2 f4 57. Bxg4 Rg8 58. Bf3 Rxg3 59. h6 Bg1+ 60. Ke2 Rh3 61. h7 Bd4 62. Nd8 e5 63. Rf7+ 1-0

[Event "Titled Tuesday intern op 28th Sept"]
[Site "Chess.com INT"]
[Date "2021.09.28"]
[Round "9"]
[White "Rogac, Srdjan"]
[Black "Krivonosov, Oleg"]
[Result "0-1"]
[WhiteElo "2310"]
[BlackElo "2362"]
[PlyCount "118"]
[EventDate "2021.09.28"]
[EventType "swiss (blitz)"]
[EventRounds "11"]
[EventCountry "USA"]
[SourceTitle "CBM 204 Extra"]
[Source "ChessBase"]
[SourceDate "2021.11.30"]
[SourceVersion "1"]
[SourceVersionDate "2021.11.30"]
[SourceQuality "1"]

1. Nf3 d5 2. c4 e6 3. b3 Nf6 4. Bb2 Be7 5. g3 0-0 6. Bg2 c5 7. 0-0 Nc6 8. e3 b6 9. Qe2 Bb7 10. Rd1 Rc8 11. d3 Qc7 12. Nc3 Rfd8 13. Rac1 Qb8 14. cxd5 Nxd5 15. Nxd5 Rxd5 16. d4 cxd4 17. Nxd4 Nxd4 18. Bxd4 Rdd8 19. Qg4 Bf8 20. Rxc8 Rxc8 21. Be5 Qa8 22. Bxb7 Qxb7 23. Qe2 b5 24. Bb2 a6 25. Rc1 Rxc1+ 26. Bxc1 Qc6 27. Qd1 f6 28. Bb2 e5 29. Qc1 Qxc1+ 30. Bxc1 e4 31. f3 f5 32. Kf2 Kf7 33. h3 g6 34. fxe4 fxe4 35. g4 Bd6 36. Bd2 Ke6 37. Bc3 Kd5 38. Ke2 h5 39. gxh5 gxh5 40. Bd4 Ke6 41. Kf2 Kf5 42. Bc3 Ke6 43. Bg7 Bc5 44. Ke2 Kf5 45. Bh6 Bd6 46. Bg7 Kg6 47. Bc3 Bc5 48. Be1 Kf5 49. a4 bxa4 50. bxa4 Ke6 51. Bf2 Kd5 52. Kd2 Kc4 53. Kc2 Bb6 54. Bg1 Kb4 55. Bf2 Kxa4 56. Kc3 Kb5 57. Kb3 a5 58. Kc3 a4 59. Kc2 Kc4 0-1

[Event "Titled Tuesday intern op 28th Sept"]
[Site "Chess.com INT"]
[Date "2021.09.28"]
[Round "3"]
[White "Wagner, Dennis"]
[Black "Rogac, Srdjan"]
[Result "1/2-1/2"]
[WhiteElo "2576"]
[BlackElo "2310"]
[PlyCount "93"]
[EventDate "2021.09.28"]
[EventType "swiss (blitz)"]
[EventRounds "11"]
[EventCountry "USA"]
[SourceTitle "CBM 204 Extra"]
[Source "ChessBase"]
[SourceDate "2021.11.30"]
[SourceVersion "1"]
[SourceVersionDate "2021.11.30"]
[SourceQuality "1"]

1. e4 c6 2. d4 d5 3. exd5 cxd5 4. Bd3 Nc6 5. c3 Nf6 6. Bf4 Bg4 7. Qb3 Qc8 8. Nd2 e6 9. Ngf3 Bh5 10. a4 Bg6 11. Bxg6 hxg6 12. h4 Be7 13. g3 a6 14. Kf1 Na5 15. Qc2 Nd7 16. Kg2 Nc4 17. a5 Nxd2 18. Qxd2 Qc6 19. Qe3 Bf6 20. Rhc1 Rc8 21. b3 0-0 22. Rc2 Rfe8 23. Rh1 Qb5 24. b4 Qa4 25. Rcc1 b6 26. h5 bxa5 27. hxg6 fxg6 28. Qd3 axb4 29. Qxg6 Nf8 30. Qh5 Rxc3 31. Ra1 Qd7 32. Rxa6 Rxf3 33. Kxf3 Bxd4 34. Bd6 Qb5 35. Qh8+ Kf7 36. Rha1 Qd3+ 37. Kg2 Qe4+ 38. Kg1 Bxa1 39. Ra7+ Kg6 40. Rxa1 b3 41. Bxf8 Rxf8 42. Qxf8 b2 43. Qe8+ Kh6 44. Qh8+ Kg6 45. Qe8+ Kh6 46. Qh8+ Kg6 47. Qe8+ 1/2-1/2

[Event "Vojvodina-chT 2nd League"]
[Site "Backa Palanka"]
[Date "2020.10.20"]
[Round "7.1"]
[White "Rogac, Srdjan"]
[Black "Balla, Tamas Kristof"]
[Result "1/2-1/2"]
[WhiteElo "2333"]
[BlackElo "2356"]
[PlyCount "37"]
[EventDate "2020.10.16"]
[EventType "team-tourn"]
[EventRounds "11"]
[EventCountry "SRB"]
[SourceTitle "EXT 2022"]
[Source "ChessBase"]
[SourceDate "2021.10.06"]
[SourceVersion "1"]
[SourceVersionDate "2021.10.06"]
[SourceQuality "1"]
[WhiteTeam "Mladenovo"]
[BlackTeam "Senta"]
[WhiteTeamCountry "SRB"]
[BlackTeamCountry "SRB"]

1. e4 c5 2. c3 d5 3. exd5 Qxd5 4. d4 Nc6 5. Nf3 Bf5 6. Be3 cxd4 7. Nxd4 Nxd4 8. Qxd4 Nf6 9. Nd2 e5 10. Qa4+ Bd7 11. Qb3 Qxb3 12. axb3 a6 13. Nc4 Ng4 14. Nb6 Nxe3 15. fxe3 Rd8 16. Nxd7 Rxd7 17. Rd1 Rxd1+ 18. Kxd1 Bc5 19. e4 1/2-1/2

[Event "Vojvodina-chT 2nd League"]
[Site "Backa Palanka"]
[Date "2020.10.16"]
[Round "1.1"]
[White "Stojanovic, Dalibor"]
[Black "Rogac, Srdjan"]
[Result "1/2-1/2"]
[WhiteElo "2494"]
[BlackElo "2333"]
[PlyCount "57"]
[EventDate "2020.10.16"]
[EventType "team-tourn"]
[EventRounds "11"]
[EventCountry "SRB"]
[SourceTitle "EXT 2022"]
[Source "ChessBase"]
[SourceDate "2021.10.06"]
[SourceVersion "1"]
[SourceVersionDate "2021.10.06"]
[SourceQuality "1"]
[WhiteTeam "Pancevo Gligoric"]
[BlackTeam "Mladenovo"]
[WhiteTeamCountry "SRB"]
[BlackTeamCountry "SRB"]

1. e4 c6 2. d4 d5 3. Nd2 dxe4 4. Nxe4 Bf5 5. Ng3 Bg6 6. Nh3 Nf6 7. Bc4 e6 8. Nf4 Bd6 9. c3 Nd5 10. Nxg6 hxg6 11. Ne4 Be7 12. Qe2 Nd7 13. Bb3 Qc7 14. h3 e5 15. dxe5 Qxe5 16. 0-0 0-0-0 17. Qf3 Qf5 18. Qxf5 gxf5 19. Bxd5 cxd5 20. Ng3 g6 21. Rd1 Ne5 22. Be3 Nc6 23. Ne2 Bf6 24. Rd2 Rd7 25. Rad1 Rhd8 26. b3 Bxc3 27. Nxc3 d4 28. Bxd4 Rxd4 29. Rxd4 1/2-1/2

[Event "Vojvodina-chT"]
[Site "Kovacica"]
[Date "2019.11.08"]
[Round "11.1"]
[White "Rogac, Srdjan"]
[Black "Hart, Alexander E"]
[Result "1-0"]
[WhiteElo "2332"]
[BlackElo "1952"]
[PlyCount "51"]
[EventDate "2019.11.01"]
[EventType "team-tourn"]
[EventRounds "11"]
[EventCountry "SRB"]
[SourceTitle "CBM 192 Extra"]
[Source "Chessbase"]
[SourceDate "2019.11.06"]
[SourceVersion "1"]
[SourceVersionDate "2019.11.06"]
[SourceQuality "1"]
[WhiteTeam "Mladenovo"]
[BlackTeam "Banatsko Novo Selo"]
[WhiteTeamCountry "SRB"]
[BlackTeamCountry "SRB"]

1. Nf3 d5 2. c4 c6 3. b3 Nf6 4. Bb2 e6 5. g3 Nbd7 6. Bg2 Bd6 7. 0-0 0-0 8. Nc3 Re8 9. Qc2 b6 10. e4 dxc4 11. bxc4 e5 12. d4 Bb7 13. Rfd1 Qe7 14. d5 Nc5 15. Nh4 g6 16. Bc1 Qc7 17. Bg5 Nfd7 18. Rac1 Qb8 19. Qd2 Be7 20. Bxe7 Rxe7 21. Bh3 Qd6 22. Qe3 Qf6 23. Rd2 Rd8 24. Rcd1 Ree8 25. dxc6 Bxc6 26. Rd6 1-0

[Event "Novi Sad TS IM 90th"]
[Site "Novi Sad"]
[Date "2018.11.24"]
[Round "11"]
[White "Rogac, Srdjan"]
[Black "Sahil, Tickoo"]
[Result "1/2-1/2"]
[WhiteElo "2326"]
[BlackElo "2241"]
[PlyCount "23"]
[EventDate "2018.11.19"]
[EventType "tourn"]
[EventRounds "11"]
[EventCountry "SRB"]
[SourceTitle "CBM 187 Extra"]
[Source "ChessBase"]
[SourceDate "2018.11.04"]
[SourceVersion "1"]
[SourceVersionDate "2018.11.04"]
[SourceQuality "1"]

1. d4 d5 2. c4 c6 3. cxd5 cxd5 4. Nc3 Nf6 5. Bf4 Nc6 6. Nf3 Bf5 7. e3 e6 8. Qb3 Qb6 9. Bb5 Be7 10. 0-0 0-0 11. Ne5 Nxe5 12. Bxe5 1/2-1/2

[Event "Novi Sad TS IM 90th"]
[Site "Novi Sad"]
[Date "2018.11.23"]
[Round "9"]
[White "Rogac, Srdjan"]
[Black "Mikheev, Stanislav Valerievi"]
[Result "1/2-1/2"]
[WhiteElo "2326"]
[BlackElo "2307"]
[PlyCount "33"]
[EventDate "2018.11.19"]
[EventType "tourn"]
[EventRounds "11"]
[EventCountry "SRB"]
[SourceTitle "CBM 187 Extra"]
[Source "ChessBase"]
[SourceDate "2018.11.04"]
[SourceVersion "1"]
[SourceVersionDate "2018.11.04"]
[SourceQuality "1"]

1. e4 e6 2. d4 d5 3. exd5 exd5 4. Bd3 Nf6 5. Nf3 Bg4 6. h3 Bxf3 7. Qxf3 Nc6 8. c3 Bd6 9. 0-0 0-0 10. Bg5 Be7 11. Re1 h6 12. Bf4 Bd6 13. Nd2 Bxf4 14. Qxf4 Nh5 15. Qg4 Nf6 16. Qf4 Nh5 17. Qg4 1/2-1/2

[Event "Novi Sad TS IM 90th"]
[Site "Novi Sad"]
[Date "2018.11.22"]
[Round "6"]
[White "Hart, Alexander E"]
[Black "Rogac, Srdjan"]
[Result "0-1"]
[WhiteElo "1917"]
[BlackElo "2326"]
[PlyCount "146"]
[EventDate "2018.11.19"]
[EventType "tourn"]
[EventRounds "11"]
[EventCountry "SRB"]
[SourceTitle "CBM 187 Extra"]
[Source "ChessBase"]
[SourceDate "2018.11.04"]
[SourceVersion "1"]
[SourceVersionDate "2018.11.04"]
[SourceQuality "1"]

1. c4 e5 2. g3 c6 3. d4 e4 4. Bg2 d5 5. Nc3 Nf6 6. cxd5 cxd5 7. Bg5 Nc6 8. Bxf6 gxf6 9. e3 Nb4 10. Bf1 a6 11. a3 Nc6 12. Qb3 Be6 13. Bh3 Na5 14. Qc2 Qd7 15. Bxe6 fxe6 16. Nge2 Rc8 17. b4 Nc4 18. Qb3 Bd6 19. Rc1 b5 20. Nb1 0-0 21. Nd2 a5 22. Nc3 Nxa3 23. bxa5 b4 24. Ne2 Rxc1+ 25. Nxc1 Rc8 26. 0-0 Rc3 27. Qd1 f5 28. Qh5 Rc8 29. Ndb3 Qf7 30. Qe2 Nc4 31. Qa2 Na3 32. Qe2 Qe8 33. Kh1 Rc2 34. Qa6 Qd7 35. Kg1 Rc6 36. Qe2 Kg7 37. Qh5 h6 38. Kh1 Qf7 39. Qh4 Qf6 40. Qh3 Rc2 41. Kg1 Qg5 42. Qg2 h5 43. h4 Qd8 44. Rd1 Nc4 45. Re1 Nxa5 46. Qf1 Nc4 47. Re2 Rc3 48. Qd1 Na3 49. Nc5 Bxc5 50. dxc5 Qf6 51. Re1 Rxc5 52. Qxh5 Nc2 53. Nb3 Rc3 54. Rb1 Na3 55. Rb2 Rxe3 56. fxe3 Qxb2 57. Qg5+ Kf7 58. Nd4 Qc1+ 59. Kf2 Qd2+ 60. Kf1 Qd1+ 61. Kf2 Nc2 62. Nxc2 Qxc2+ 63. Kf1 Qd1+ 64. Kf2 b3 65. Qd8 Qf3+ 66. Ke1 Qxe3+ 67. Kd1 Qd3+ 68. Ke1 Qxg3+ 69. Kd1 Qd3+ 70. Ke1 e3 71. Qc7+ Kf6 72. Qd8+ Ke5 73. Qc7+ Ke4 0-1

[Event "Novi Sad TS IM 90th"]
[Site "Novi Sad"]
[Date "2018.11.21"]
[Round "5"]
[White "Rogac, Srdjan"]
[Black "Gavric, Zivojin"]
[Result "1/2-1/2"]
[WhiteElo "2326"]
[BlackElo "2125"]
[PlyCount "30"]
[EventDate "2018.11.19"]
[EventType "tourn"]
[EventRounds "11"]
[EventCountry "SRB"]
[SourceTitle "CBM 187 Extra"]
[Source "ChessBase"]
[SourceDate "2018.11.04"]
[SourceVersion "1"]
[SourceVersionDate "2018.11.04"]
[SourceQuality "1"]

1. e4 c6 2. d4 d5 3. exd5 cxd5 4. Nf3 Nc6 5. Ne5 Bd7 6. Nc3 Nf6 7. Bf4 e6 8. Be2 Qb6 9. Nxc6 Bxc6 10. Rb1 Ne4 11. Nxe4 dxe4 12. c3 Rd8 13. Qb3 Qxb3 14. axb3 Bd6 15. Bxd6 Rxd6 1/2-1/2

[Event "Novi Sad TS IM 90th"]
[Site "Novi Sad"]
[Date "2018.11.20"]
[Round "3"]
[White "Rogac, Srdjan"]
[Black "Dinev, Dejan"]
[Result "1/2-1/2"]
[WhiteElo "2326"]
[BlackElo "2278"]
[PlyCount "22"]
[EventDate "2018.11.19"]
[EventType "tourn"]
[EventRounds "11"]
[EventCountry "SRB"]
[SourceTitle "CBM 187 Extra"]
[Source "ChessBase"]
[SourceDate "2018.11.04"]
[SourceVersion "1"]
[SourceVersionDate "2018.11.04"]
[SourceQuality "1"]

1. e4 e6 2. d4 d5 3. exd5 exd5 4. Bd3 Bd6 5. Nf3 Nf6 6. 0-0 0-0 7. h3 h6 8. Re1 Re8 9. Rxe8+ Qxe8 10. Nc3 a6 11. Be3 Nc6 1/2-1/2

[Event "Novi Sad TS IM 84th"]
[Site "Novi Sad"]
[Date "2018.11.14"]
[Round "8"]
[White "Rogac, Srdjan"]
[Black "Dinev, Dejan"]
[Result "1/2-1/2"]
[WhiteElo "2326"]
[BlackElo "2278"]
[PlyCount "20"]
[EventDate "2018.11.09"]
[EventType "tourn"]
[EventRounds "9"]
[EventCountry "SRB"]
[EventCategory "1"]
[SourceTitle "CBM 187 Extra"]
[Source "ChessBase"]
[SourceDate "2018.11.04"]
[SourceVersion "1"]
[SourceVersionDate "2018.11.04"]
[SourceQuality "1"]

1. d4 d5 2. Bf4 Nf6 3. e3 e6 4. Nd2 Bd6 5. Bg3 0-0 6. Bd3 c5 7. c3 Nc6 8. Ngf3 Re8 9. Ne5 cxd4 10. exd4 Bxe5 1/2-1/2

[Event "Novi Sad TS IM 84th"]
[Site "Novi Sad"]
[Date "2018.11.12"]
[Round "6"]
[White "Rogac, Srdjan"]
[Black "Mendonca, Leon Luke"]
[Result "1/2-1/2"]
[WhiteElo "2326"]
[BlackElo "2274"]
[PlyCount "102"]
[EventDate "2018.11.09"]
[EventType "tourn"]
[EventRounds "9"]
[EventCountry "SRB"]
[EventCategory "1"]
[SourceTitle "CBM 187 Extra"]
[Source "ChessBase"]
[SourceDate "2018.11.04"]
[SourceVersion "1"]
[SourceVersionDate "2018.11.04"]
[SourceQuality "1"]

1. e4 c5 2. c3 d5 3. exd5 Qxd5 4. d4 Nf6 5. Nf3 Bg4 6. Be2 e6 7. Na3 Nc6 8. 0-0 cxd4 9. Nb5 Rc8 10. Nfxd4 Bxe2 11. Qxe2 Nxd4 12. Nxd4 Be7 13. Rd1 a6 14. Nf3 Qc4 15. Qxc4 Rxc4 16. Bg5 Nd5 17. Bxe7 Kxe7 18. Rd2 Rd8 19. Rad1 b5 20. Nd4 Kf6 21. Nc2 Rdc8 22. g3 g5 23. Re1 g4 24. Kg2 h5 25. h4 b4 26. Nxb4 Nxb4 27. cxb4 Rxb4 28. b3 a5 29. Red1 a4 30. Rd4 Rxd4 31. Rxd4 axb3 32. axb3 Rc2 33. Rb4 Kg6 34. Rb6 Kf5 35. Rb5+ e5 36. Rb4 f6 37. Rb6 Rc3 38. Rb4 Rf3 39. Kg1 Ke6 40. Kf1 Kd5 41. Kg2 f5 42. Kg1 f4 43. gxf4 Rxf4 44. Rb7 Rf3 45. Rh7 Rxb3 46. Rxh5 Rh3 47. Kg2 Ke4 48. Rh8 Kf4 49. Rf8+ Ke4 50. Rh8 Kf4 51. Rf8+ Ke4 1/2-1/2